000 01057nam a2200313Ia 4500
003 GCL
008 140319s9999 xx 000 0 ara d
020 _a055289953
040 _aGCL /
_cGCL
082 0 4 _a364.131
_bف ج
100 1 _aحسن حيدر
245 1 0 _aجرائم الدولة :
_bالكوميديا القضائية /
_cحسن حيدر
700 1 _aفرجيس ، جاك
250 _aالاولى
260 _aبيروت :
_bدار عويدات للنشر والطباعة ،
_c2004
300 _a225 ص ؛
_c21 سم
650 0 4 _aالجرائم السياسية
650 0 4 _aالانقلابات
650 0 4 _aالتخريب والتدمير
650 0 4 _aالمسجونون السياسيون
650 0 4 _aجرائم الحرب
650 0 4 _aالفساد السياسى
650 0 4 _aابادة الشعوب
650 0 4 _aجرائم ضد السلام
650 0 4 _aالمؤامرات
650 0 4 _aجبهة التحرير الوطنى الجزائرى
650 0 4 _aتدنيس المقدسات
942 _2ddc
_cBK
999 _c8403
_d8403